000 00585nam a2200193Ia 4500
005 20250423100218.0
008 250422s9999 xx 000 0 und d
020 _a9788188458189
050 _aTK 7882 .M68 .G38/
100 _aGautam, A. K
245 0 _aMicrowave & radar engineering
250 _a4th ed.
260 _aNew Delhi
260 _bS.K kataria & sons
260 _c2011
300 _a491 p
650 _aMotion detectors. Microwave detectors. Motion--Measurement. Radar. TECHNOLOGY & ENGINEERING / Remote Sensing & Geographic Information Systems.
942 _cBK
999 _c32616
_d32616